[Event "Women's Speed Chess Q8"]
[Site "chess.com INT"]
[Date "2021.06.06"]
[Round "11"]
[White "Ouellet, Maili-Jade"]
[Black "Purtseladze, Maka"]
[Result "1-0"]
[WhiteTitle "WGM"]
[BlackTitle "IM"]
[WhiteElo "2257"]
[BlackElo "2274"]
[WhiteFideId "2620472"]
[BlackFideId "13602659"]
[EventDate "2021.06.06"]

1. d4 d5 2. c4 c6 3. Nf3 Nf6 4. Nc3 g6 5. Bf4 Bg7 6. h3 O-O 7. e3 Nbd7 8. Bd3
dxc4 9. Bxc4 Nb6 10. Bd3 Nbd5 11. Bg3 Qa5 12. Qd2 Bf5 13. e4 Nxe4 14. Nxe4 Qxd2+
15. Kxd2 Rfd8 16. Rhd1 Nb4 17. Ke3 Nxd3 18. Rxd3 Bh6+ 19. Bf4 Bxf4+ 20. Kxf4 c5
21. Rad1 c4 22. R3d2 b5 23. g4 Be6 24. d5 Bd7 25. Nc5 Be8 26. Ne5 Rac8 27. Na6
f6 28. Nf3 Rd6 29. Nb4 a5 30. Nc2 c3 31. bxc3 Rxc3 32. Ne3 b4 33. Nd4 Kf7 34.
Ne2 Rc5 35. Rc1 Rxc1 36. Nxc1 a4 37. Rb2 Rb6 38. Ke4 e6 39. dxe6+ Kxe6 40. Kd4
Rd6+ 41. Kc4 b3 42. axb3 axb3 43. Nxb3 Ke5 44. Nc5 Kf4 45. Nd5+ Kf3 46. Nd3 Bf7
47. Nb4 Kg2 48. Kc5 Rd8 49. h4 Bxd5 50. Nxd5 Rf8 51. g5 fxg5 52. hxg5 Rxf2 53.
Rxf2+ Kxf2 54. Nf6 Kf3 55. Nxh7 Kf4 56. Kd6 Kf5 57. Ke7 1-0

[Event "Women's Speed Chess Q8"]
[Site "chess.com INT"]
[Date "2021.06.06"]
[Round "11"]
[White "Pavlidou, Ekaterini"]
[Black "Tsatsalashvili, Keti"]
[Result "0-1"]
[WhiteTitle "WIM"]
[BlackTitle "WGM"]
[WhiteElo "2157"]
[BlackElo "2331"]
[WhiteFideId "4213262"]
[BlackFideId "13603434"]
[EventDate "2021.06.06"]

1. d4 Nf6 2. c4 e6 3. Nc3 d5 4. cxd5 exd5 5. Bg5 c6 6. e3 Be6 7. Bd3 Bd6 8. Nge2
Nbd7 9. h3 Qc7 10. O-O O-O 11. f4 Nb6 12. Bxf6 gxf6 13. Ng3 Kh8 14. Qh5 f5 15.
Nxf5 Bxf5 16. Bxf5 f6 17. b3 Rae8 18. Rf3 Qf7 19. Qxf7 Rxf7 20. a4 a5 21. Bg4
Rfe7 22. Nd1 Na8 23. Bh5 Rf8 24. f5 Nc7 25. Nf2 Na6 26. g4 Nb4 27. h4 Nc2 28.
Ra2 Nb4 29. Re2 c5 30. dxc5 Bxc5 31. Nd1 d4 32. g5 d3 33. Rd2 Rg7 34. Rg3 fxg5
35. Rf2 gxh4 36. Rxg7 Kxg7 37. Kg2 Kf6 38. Rf4 Rg8+ 39. Kh2 Nd5 40. Rc4 b6 41.
Rxc5 bxc5 42. e4 Nf4 43. Bf3 h3 44. Ne3 Re8 45. Ng4+ Kg5 46. Kg3 h5 47. Nf2 h4+
48. Kh2 d2 49. Bd1 Rd8 50. Bc2 Kf6 51. Ng4+ Kg5 52. Ne3 Nd3 53. Kxh3 Nf2+ 54.
Kg2 d1=Q 55. Nxd1 Nxd1 56. Kf3 h3 57. e5 h2 58. Kg2 Ne3+ 59. Kxh2 Nxc2 0-1

[Event "Women's Speed Chess Q8"]
[Site "chess.com INT"]
[Date "2021.06.06"]
[Round "11"]
[White "Nguyen, Hong Ngoc"]
[Black "Arpita, Mukherjee"]
[Result "0-1"]
[WhiteTitle "WCM"]
[BlackTitle "WIM"]
[WhiteElo "1957"]
[BlackElo "2206"]
[WhiteFideId "12403083"]
[BlackFideId "5056403"]
[EventDate "2021.06.06"]

1. e4 c5 2. Nc3 a6 3. g3 b5 4. Bg2 Bb7 5. d4 cxd4 6. Qxd4 Nc6 7. Qd1 d6 8. Be3
Nf6 9. Nge2 e6 10. a3 Be7 11. O-O O-O 12. Qd2 Ne5 13. b3 Rc8 14. h3 Ned7 15.
Rad1 Nc5 16. f3 Nfd7 17. Bd4 e5 18. Be3 Nf6 19. Nd5 Nxd5 20. exd5 f5 21. Bxc5
Rxc5 22. f4 e4 23. Qe3 Rxd5 24. Nd4 Qc8 25. g4 g6 26. g5 Bd8 27. c3 Bb6 28. Rf2
a5 29. b4 a4 30. Bf1 Qc7 31. Rc2 Rc8 32. c4 bxc4 33. Rxc4 Qxc4 34. Bxc4 Rxc4 35.
Kh2 Rdxd4 36. Rxd4 Bxd4 37. Qd2 d5 38. b5 e3 39. Qa5 Rc8 40. Qxa4 e2 41. Qb4 Bc3
42. Qe7 e1=Q 43. Qd7 Qf2+ 44. Kh1 Qf3+ 45. Kh2 Qxf4+ 46. Kg2 Qe4+ 47. Kg3 Be5+
48. Kf2 Rc2+ 49. Kf1 Qg2+ 50. Ke1 Qf2+ 51. Kd1 Qe2# 0-1

[Event "Women's Speed Chess Q8"]
[Site "chess.com INT"]
[Date "2021.06.06"]
[Round "11"]
[White "Cyfka, Karina"]
[Black "Bivol, Alina"]
[Result "1/2-1/2"]
[WhiteTitle "IM"]
[BlackTitle "WGM"]
[WhiteElo "2417"]
[BlackElo "2374"]
[WhiteFideId "1122681"]
[BlackFideId "4100123"]
[EventDate "2021.06.06"]

1. d4 Nf6 2. c4 g6 3. Nc3 d5 4. Nf3 Bg7 5. Bf4 O-O 6. e3 c5 7. dxc5 Qa5 8. Be2
dxc4 9. Bxc4 Qxc5 10. Bb3 Nc6 11. O-O e5 12. Bg3 Bf5 13. Rc1 Rfd8 14. Qe1 Bd3
15. Nd5 Qf8 16. e4 Bxf1 17. Kxf1 Nd4 18. Nxd4 exd4 19. Bh4 Nxd5 20. Bxd8 Nb4 21.
Rc4 Nd3 22. Qd2 Ne5 23. Rxd4 Nc6 24. Rd7 Nxd8 25. g3 Ne6 26. Kg2 h5 27. h4 a5
28. Qd5 a4 29. Bc4 Rd8 30. Qxb7 Rxd7 31. Qxd7 Nd4 32. Qxa4 Qe7 33. Qa8+ Kh7 34.
Qd5 Ne6 35. a4 Bxb2 36. a5 Qa7 37. a6 Bd4 38. Qb7 Bxf2 39. Bxe6 Kg7 40. Bd5 Bd4
41. Bxf7 Qxb7 42. axb7 Be5 43. Bd5 Kf6 44. Kf3 Ke7 45. Ke2 Bxg3 46. Kf3 Bd6 47.
Ke2 Kd8 48. Kd3 Kc7 49. Bf7 Bg3 50. Bxg6 Bxh4 51. Bxh5 Kxb7 52. Kd4 Kc7 53. Kd5
Bf6 54. e5 Bxe5 1/2-1/2

[Event "Women's Speed Chess Q8"]
[Site "chess.com INT"]
[Date "2021.06.06"]
[Round "11"]
[White "Padmini, Rout"]
[Black "Nandhidhaa, P V"]
[Result "1/2-1/2"]
[WhiteTitle "IM"]
[BlackTitle "WGM"]
[WhiteElo "2370"]
[BlackElo "2365"]
[WhiteFideId "5029295"]
[BlackFideId "5050847"]
[EventDate "2021.06.06"]

1. e4 g6 2. d4 Bg7 3. Nc3 d5 4. e5 h5 5. Nf3 c6 6. Bd3 Nh6 7. Bg5 Nf5 8. Qd2 Be6
9. Ne2 Qb6 10. c3 Nd7 11. Nf4 Nf8 12. Nxe6 Nxe6 13. Bxf5 gxf5 14. Be3 O-O-O 15.
Ng5 f4 16. Bxf4 Nxf4 17. Qxf4 Bh6 18. O-O Rdf8 19. h4 Rhg8 20. Rab1 Qc7 21. Qf5+
e6 22. Qf6 Rg6 23. Qf3 Bxg5 24. hxg5 Rxg5 25. Qh3 Qe7 26. f3 Rfg8 27. Rf2 Rg3
28. Qxh5 Qf8 29. Qh4 Qg7 30. Re1 Rxg2+ 31. Kf1 Rg1+ 32. Ke2 Rxe1+ 33. Kxe1 Qg1+
34. Ke2 Rg2 35. Rxg2 Qxg2+ 36. Qf2 Qg5 37. Kd3 Qf5+ 38. Kd2 Qf4+ 39. Kc2 Qf5+
40. Kb3 Kc7 41. Qg2 b6 42. a3 c5 43. Ka2 cxd4 44. cxd4 Kb7 45. Qd2 Qxf3 46. Qb4
Qf4 47. Qe7+ Ka6 48. Qb4 Kb7 49. Qe7+ Ka6 50. Qb4 Kb7 1/2-1/2

[Event "Women's Speed Chess Q8"]
[Site "chess.com INT"]
[Date "2021.06.06"]
[Round "11"]
[White "Perez Rodriguez, Jennifer"]
[Black "Petrova, Irina"]
[Result "1-0"]
[WhiteTitle "WIM"]
[BlackTitle "WIM"]
[WhiteElo "2251"]
[BlackElo "2110"]
[WhiteFideId "3507831"]
[BlackFideId "14124122"]
[EventDate "2021.06.06"]

1. e4 d6 2. d4 Nf6 3. Nc3 e5 4. dxe5 dxe5 5. Qxd8+ Kxd8 6. Bc4 Ke8 7. Nf3 Bd6 8.
Ng5 Rf8 9. O-O a6 10. a4 b6 11. Nd5 Nxd5 12. Bxd5 c6 13. Bb3 h6 14. Nf3 Nd7 15.
Rd1 Ke7 16. Nh4 Nc5 17. Be3 Nxb3 18. cxb3 c5 19. a5 b5 20. Rac1 g5 21. b4 gxh4
22. Rxd6 cxb4 23. Bc5 Ke8 24. Rc6 Rg8 25. Rc7 Bd7 26. Rd1 Rd8 27. Ra7 h3 28. g3
Rg6 29. Bb6 Rc8 30. Raxd7 Rgc6 31. Rd8+ Rxd8 32. Rxd8+ Ke7 33. Rd1 Rc2 34. b3
Rb2 35. Bc5+ Ke8 36. Bxb4 Rxb3 37. Bc5 Rc3 38. Bd6 Rc4 39. f3 Ra4 40. Bc7 b4 41.
Rb1 Kd7 42. Bb6 Kc6 43. f4 exf4 44. gxf4 Kb5 45. Kf2 Ra3 46. e5 b3 47. Bd4 Kc4
48. Ke3 Rxa5 49. Ke4 Rb5 50. f5 a5 51. e6 fxe6 52. fxe6 a4 53. e7 Rb8 54. Ra1
Kb4 55. Kd5 a3 56. Bc5+ Kc3 57. Bxa3 b2 58. Bxb2+ Kxb2 59. Re1 Re8 60. Ke6 Kc2
61. Kf7 Rxe7+ 62. Kxe7 Kd2 63. Re5 1-0

[Event "Women's Speed Chess Q8"]
[Site "chess.com INT"]
[Date "2021.06.06"]
[Round "11"]
[White "Matveeva, Olga"]
[Black "Zhuravleva, Olga"]
[Result "1-0"]
[WhiteTitle "WIM"]
[BlackTitle "WIM"]
[WhiteElo "2145"]
[BlackElo "2278"]
[WhiteFideId "24107018"]
[BlackFideId "4145933"]
[EventDate "2021.06.06"]

1. d4 g6 2. c4 Bg7 3. e4 d6 4. f4 c6 5. Nf3 Nd7 6. Nc3 Qa5 7. Be2 e5 8. fxe5
dxe5 9. d5 Ngf6 10. O-O Ng4 11. Kh1 Qc5 12. Qe1 O-O 13. h3 Ne3 14. b4 Qxb4 15.
Bxe3 Qe7 16. Rb1 f5 17. exf5 gxf5 18. Qh4 Bf6 19. Qg3+ Kh8 20. Bg5 Rg8 21. Bxf6+
Qxf6 22. Qh4 Qg7 23. Ne1 e4 24. dxc6 bxc6 25. Na4 Ne5 26. c5 Be6 27. Qf4 Ng6 28.
Qd6 Bd5 29. Rg1 Rad8 30. Qg3 Qd4 31. Qc3 Qxc3 32. Nxc3 Nf4 33. Nxd5 Nxe2 34. Ne7
Rge8 35. Nxc6 Rc8 36. Na5 Rxc5 37. Nb3 Rc3 38. Rf1 Ng3+ 39. Kg1 Nxf1 40. Kxf1 e3
41. Nf3 f4 42. Rb2 Rd8 43. Ke2 Rcd3 44. Ne5 Rd1 45. Nf7+ Kg7 46. Nxd8 Rxd8 47.
Nc5 Rc8 48. Nd3 Rc4 49. Rb7+ Kg6 50. Rxa7 Rc2+ 51. Kf3 Rd2 52. Nxf4+ Kf5 53.
Ra5+ Kf6 54. a4 Ra2 55. Kxe3 Ra3+ 56. Ke4 h6 57. Ra6+ Kg5 58. Rg6+ Kh4 59. g3+
Rxg3 60. Rxg3 Kxg3 61. a5 h5 62. a6 h4 63. a7 Kf2 64. a8=Q Kg3 65. Qa3+ Kf2 66.
Qf3+ Ke1 67. Qe2# 1-0

[Event "Women's Speed Chess Q8"]
[Site "chess.com INT"]
[Date "2021.06.06"]
[Round "11"]
[White "Papp, Petra"]
[Black "Maltsevskaya, Aleksandra"]
[Result "1-0"]
[WhiteTitle "WGM"]
[BlackTitle "WGM"]
[WhiteElo "2336"]
[BlackElo "2390"]
[WhiteFideId "739049"]
[BlackFideId "24174041"]
[EventDate "2021.06.06"]

1. d4 Nf6 2. c4 g6 3. Nc3 c5 4. d5 Bg7 5. e4 d6 6. h3 O-O 7. Nf3 e6 8. Bd3 exd5
9. cxd5 Re8 10. O-O c4 11. Bc2 b5 12. Nxb5 Nxe4 13. Nbd4 Nf6 14. Ba4 Bd7 15.
Bxd7 Qxd7 16. Nc2 Qb5 17. Ne3 Nbd7 18. a4 Qa6 19. Bd2 Ne4 20. Qc2 Rac8 21. Bb4
Rb8 22. Ba3 c3 23. bxc3 Nxc3 24. Kh1 Qxa4 25. Qxa4 Nxa4 26. Bxd6 Bxa1 27. Bxb8
Rxb8 28. Rxa1 Rb4 29. d6 a6 30. Nd5 Rc4 31. Nc7 a5 32. Nd2 Rd4 33. Nb3 Rxd6 34.
Rxa4 Rb6 35. Nxa5 Rb2 36. Kg1 Nb6 37. Rd4 Ra2 38. Nc6 Rc2 39. Ne7+ Kf8 40. Ned5
Nc4 41. Nb5 Nd2 42. h4 Rc1+ 43. Kh2 Nf1+ 44. Kh3 Ra1 45. Ne3 h5 46. Nxf1 Rxf1
47. Rd2 Rh1+ 48. Kg3 Rb1 49. Nd4 Kg7 50. Kh2 Rb7 51. g3 Rb4 52. Kg2 Ra4 53. Nf3
Ra7 54. Rd4 f6 55. Rc4 Rd7 56. Nd4 Rd5 57. Ra4 Rd7 58. f4 Rb7 59. Kf3 Rb1 60.
Ra7+ Kh6 61. Ra8 Kg7 62. Ne6+ Kf7 63. Nd4 Rd1 64. Ra7+ Kg8 65. Ne2 Rd3+ 66. Kf2 1-0

[Event "Women's Speed Chess Q8"]
[Site "chess.com INT"]
[Date "2021.06.06"]
[Round "11"]
[White "Torres Hernandez, Leslie Carolin"]
[Black "Szente Varga, Fruzsina"]
[Result "0-1"]
[WhiteTitle "WFM"]
[BlackTitle "WFM"]
[WhiteElo "1884"]
[BlackElo "2100"]
[WhiteFideId "8400504"]
[BlackFideId "712264"]
[EventDate "2021.06.06"]

1. e4 Nf6 2. e5 Nd5 3. Nc3 Nxc3 4. dxc3 d6 5. exd6 exd6 6. Nf3 Be7 7. Bd3 O-O 8.
O-O Bf6 9. Bf4 Nc6 10. Re1 g6 11. h3 Be6 12. a3 Qd7 13. Bh6 Rfe8 14. Bf1 Bf5 15.
Qd2 Ne5 16. Nd4 Nc6 17. Nxf5 Qxf5 18. Bd3 Qh5 19. Bf4 Bg7 20. Be4 Rad8 21. Bf3
Qb5 22. Rab1 Ne5 23. Bd5 c6 24. Bb3 a5 25. Bh6 a4 26. Bxg7 Kxg7 27. Ba2 d5 28.
Qd4 f6 29. f4 Nd7 30. c4 Qa5 31. Rxe8 Rxe8 32. cxd5 cxd5 33. Rd1 Nb6 34. c3 Qb5
35. Qb4 Qxb4 36. axb4 Rd8 37. Kf2 f5 38. Ke3 Kf6 39. Kd4 Ke6 40. Re1+ Kd6 41.
Re5 Kc6 42. Re6+ Rd6 43. Re7 Rd7 44. b5+ Kd6 45. Rxd7+ Nxd7 46. Bxd5 b6 47. Bc6
Nc5 48. g4 Ne6+ 49. Ke3 fxg4 50. hxg4 Nc5 51. f5 gxf5 52. gxf5 Ke5 53. Ba8 Kxf5
54. Kd4 h5 55. Bh1 h4 56. Kd5 Nd3 57. Kc6 Nxb2 58. Kxb6 a3 59. Bd5 h3 60. Kc5
Na4+ 61. Kd6 Nxc3 62. b6 Nxd5 63. Kxd5 a2 64. b7 a1=Q 65. b8=Q Qd1+ 66. Kc6 Qc2+
67. Kd7 Qd3+ 68. Ke7 Qe4+ 69. Kf7 Qe6+ 70. Kg7 Qg6+ 71. Kh8 Qf6+ 72. Kg8 Qe6+
73. Kh8 Qe5+ 74. Qxe5+ Kxe5 0-1

[Event "Women's Speed Chess Q8"]
[Site "chess.com INT"]
[Date "2021.06.06"]
[Round "11"]
[White "Sviridova, Vlada"]
[Black "Pourkashiyan, Atousa"]
[Result "1-0"]
[WhiteTitle "WFM"]
[BlackTitle "WGM"]
[WhiteElo "2144"]
[BlackElo "2322"]
[WhiteFideId "24109606"]
[BlackFideId "12502014"]
[EventDate "2021.06.06"]

1. d4 Nf6 2. c4 e6 3. Nf3 d5 4. Nc3 Be7 5. Bf4 O-O 6. e3 c5 7. dxc5 Bxc5 8. cxd5
Nxd5 9. Nxd5 exd5 10. a3 Nc6 11. Bd3 Bb6 12. O-O Bg4 13. h3 Bh5 14. Rc1 Rc8 15.
b4 Bg6 16. Bxg6 hxg6 17. Qd3 Qd7 18. Rfd1 Rcd8 19. Ne5 Nxe5 20. Bxe5 Qe7 21. Bd4
Bc7 22. Qc3 Rc8 23. Qb2 f6 24. Bc5 Bd6 25. Rxd5 Bxc5 26. Rdxc5 Rxc5 27. Rxc5 Rd8
28. Qc2 g5 29. Rc7 Rd7 30. Qc4+ Kh7 31. Rxd7 Qxd7 32. g4 a6 33. Kg2 Qd6 34. Qd4
Qc6+ 35. Kg3 Qc2 36. Kf3 Qc1 37. Qe4+ Kh6 38. Qe8 Qh1+ 39. Ke2 Kh7 40. Qh5+ Kg8
41. Qe8+ Kh7 42. Qd7 b5 43. Qf5+ Kg8 44. Qf3 Qa1 45. Qd5+ Kh8 46. Qd3 Qc1 47.
Kf3 Qh1+ 48. Ke2 Qxh3 49. Qd8+ Kh7 50. Qc8 Qh1 51. Qxa6 Qe4 52. Qxb5 Qxg4+ 53.
Kd2 Qf3 54. Qd3+ Kh6 55. Qe2 Qd5+ 56. Kc2 Qa2+ 57. Kd1 Qa1+ 58. Kd2 Qxa3 59. Qc4
Qb2+ 60. Ke1 Qb1+ 61. Ke2 Qb2+ 62. Kf3 f5 63. b5 g4+ 64. Kg2 Qe5 65. Qf4+ Qxf4
66. exf4 g5 67. b6 gxf4 68. b7 f3+ 69. Kf1 Kg5 70. b8=Q g3 71. Qg8+ Kf4 72.
Qxg3+ Ke4 73. Qh4+ f4 74. Qe7+ Kf5 75. Qd6 Kg4 76. Qd4 Kh3 77. Qd3 Kg4 78. Qe4
Kh3 79. Qxf3+ Kh4 80. Qxf4+ Kh3 81. Qg3# 1-0

[Event "Women's Speed Chess Q8"]
[Site "chess.com INT"]
[Date "2021.06.06"]
[Round "11"]
[White "Buksa, Nataliya"]
[Black "Dauletova, Gulmira"]
[Result "1-0"]
[WhiteTitle "IM"]
[BlackTitle "WGM"]
[WhiteElo "2413"]
[BlackElo "2257"]
[WhiteFideId "14123622"]
[BlackFideId "13702971"]
[EventDate "2021.06.06"]

1. e4 e5 2. Nf3 Nc6 3. Bc4 Bc5 4. c3 Nf6 5. d4 exd4 6. e5 d5 7. Bb5 Ne4 8. cxd4
Bb6 9. Nc3 O-O 10. Be3 Bg4 11. h3 Bh5 12. Qb3 Ba5 13. O-O Bxc3 14. bxc3 Bxf3 15.
gxf3 Ng5 16. f4 Nf3+ 17. Kg2 Nh4+ 18. Kh2 Nf3+ 19. Kg3 Nh4 20. Bd3 g6 21. f5
gxf5 22. Qc2 Kh8 23. Bxf5 Rg8+ 24. Bg4 f5 25. exf6 Qxf6 26. Kh2 Ne7 27. Rg1 Rg7
28. Rg3 Rag8 29. Rag1 Neg6 30. Qd2 Rf7 31. Bg5 Qd6 32. Kh1 Nf5 33. Bxf5 Rxf5 34.
Be3 Rgf8 35. Qe2 Qf6 36. Qg4 Qh4 37. Qxh4 Nxh4 38. Rg5 Nf3 39. Rxf5 Rxf5 40. Rb1
b6 41. Rb3 Kg7 42. Kg2 h5 43. Ra3 a5 44. Rb3 Kg6 45. Rb2 Nh4+ 46. Kg3 Nf3 47.
Re2 h4+ 48. Kg2 Ng5 49. Bxg5 Kxg5 50. Re7 c6 51. Re6 Rf6 52. Re5+ Rf5 53. Re7
Rf6 54. a4 b5 55. Ra7 bxa4 56. Rxa5 Kf4 57. Rxa4 Ke4 58. Ra8 Kd3 59. Ra3 Kc4 60.
f3 Kd3 61. Kf2 Kc4 62. Ra8 Kxc3 63. Rh8 Kxd4 64. Rxh4+ Kd3 65. Ra4 c5 66. Ra3+
Kd4 67. h4 c4 68. h5 c3 69. Ke2 Kc4 70. Ra4+ Kb3 71. Rd4 c2 72. Kd2 Rxf3 73.
Rxd5 Rf2+ 74. Ke3 c1=Q+ 75. Kxf2 Qf4+ 76. Kg1 Qg4+ 77. Kf2 Qh4+ 78. Ke3 Kc4 79.
Rf5 Qh3+ 80. Kf4 Qh2+ 81. Kg5 Kd4 82. h6 Ke4 83. Rf6 1-0

[Event "Women's Speed Chess Q8"]
[Site "chess.com INT"]
[Date "2021.06.06"]
[Round "11"]
[White "Vo, Thi Kim Phung"]
[Black "Babiy, Olga"]
[Result "1/2-1/2"]
[WhiteTitle "WGM"]
[BlackTitle "WGM"]
[WhiteElo "2335"]
[BlackElo "2280"]
[WhiteFideId "12401838"]
[BlackFideId "14117258"]
[EventDate "2021.06.06"]

1. d4 d5 2. c4 dxc4 3. Nc3 Nf6 4. e3 a6 5. Bxc4 e6 6. Nf3 c5 7. O-O b5 8. Bd3
cxd4 9. exd4 Bb7 10. Re1 Be7 11. Ne5 Nc6 12. Be3 Nxe5 13. dxe5 Nd5 14. Nxd5 Qxd5
15. Bf1 Qxe5 16. Bd4 Qg5 17. Be3 Qg6 18. Rc1 Rd8 19. Qe2 Bd5 20. Bb6 Rb8 21. Bc7
Ra8 22. a4 bxa4 23. Rcd1 Bb3 24. Qf3 O-O 25. Rd7 Bb4 26. Re4 a5 27. Rg4 Qf5 28.
Qg3 g6 29. Bd3 Qc5 30. h4 Bc2 31. Rc4 Qb5 32. Rxc2 Qxd7 33. h5 Rac8 34. Be5 Rxc2
35. Bxc2 Rc8 36. hxg6 fxg6 37. Be4 Qf7 38. Qh4 Bc5 39. Kh2 Rf8 40. f3 Be7 41.
Qh3 Bf6 42. Bg3 Bg7 43. Bc6 Qf6 44. Bxa4 Qd4 45. Bb3 Qf6 46. Bxe6+ Kh8 47. Bg4
Re8 48. Bh4 Qf7 49. Bd7 Rd8 50. Be6 Qf8 51. Bxd8 Qxd8 52. g3 Bxb2 53. Qg2 Bf6
54. Qa2 Kg7 55. f4 Qd4 56. Qxa5 Qf2+ 57. Kh3 Qf1+ 58. Kh2 Qf2+ 59. Kh3 Bd4 60.
Qc7+ Kh6 61. Qc6 Qf1+ 62. Qg2 Qe1 63. Bg4 Bf2 64. Kh2 Be3 65. Bf3 Bd4 66. Qh3+
Kg7 67. Bg2 Bf6 68. Qd7+ Be7 69. Qh3 Qe3 70. Qg4 Qe1 71. Qd7 h5 72. Qd5 Kh6 73.
Be4 Qe2+ 74. Bg2 Kg7 75. Qc6 Qe1 76. Be4 Qe2+ 77. Kh3 Qe3 78. Qxg6+ Kf8 79. Qf5+
Ke8 80. Bg2 Kd8 81. Qxh5 Qe1 82. Qg4 Kc7 83. Qg8 Kd6 84. Qd5+ Kc7 85. Qc6+ Kd8
86. f5 Qe5 87. Qd5+ Qxd5 88. Bxd5 Ke8 89. Kg4 Kf8 90. Kh5 Kg7 91. g4 Bd8 92. g5
Be7 93. Kg4 Bd8 94. Kf4 Be7 95. Kg4 Bd8 96. Be6 Be7 97. Kf4 Bd8 98. Kg4 Be7 99.
Kf4 Bd8 100. Ke5 Bxg5 101. Ke4 Bf6 102. Kd5 Kf8 103. Kd6 Be7+ 104. Kd7 Bf6 105.
Kd6 Kg7 106. Kd5 Bg5 107. Ke4 Bf6 108. Kf3 Be7 109. Kg4 Bf6 110. Kh5 Be7 111.
Bd7 Bf6 112. Be6 Be7 113. Bd5 Bf6 114. Bf3 Be7 115. Kg4 Kf6 116. Kf4 Bd6+ 117.
Ke4 Be5 118. Bg4 Bg3 119. Bh5 Be5 120. Bg6 Bh2 121. Kd5 Bg3 122. Ke4 Be5 123.
Kd5 Ba1 124. Ke4 Bb2 125. Kf3 Ba1 126. Kg4 Bb2 127. Kh5 Ba1 128. Kg4 Bb2 129.
Kf3 Ba1 130. Ke4 Bb2 131. Kd3 Be5 132. Kc2 Bg3 133. Kd3 Be5 134. Ke4 Bh2 135.
Kf3 Be5 136. Ke4 1/2-1/2

[Event "Women's Speed Chess Q8"]
[Site "chess.com INT"]
[Date "2021.06.06"]
[Round "12"]
[White "Maltsevskaya, Aleksandra"]
[Black "Gaponenko, Inna"]
[Result "0-1"]
[WhiteTitle "WGM"]
[BlackTitle "IM"]
[WhiteElo "2390"]
[BlackElo "2357"]
[WhiteFideId "24174041"]
[BlackFideId "14101181"]
[EventDate "2021.06.06"]

1. d4 g6 2. Nf3 Bg7 3. g3 d6 4. Bg2 Nf6 5. O-O O-O 6. a4 Nc6 7. a5 e5 8. a6 e4
9. Nfd2 d5 10. c4 Nxd4 11. cxd5 Bg4 12. Nxe4 Nxe2+ 13. Kh1 Nxg3+ 14. hxg3 Bxd1
15. Rxd1 Nxe4 16. Bxe4 Rb8 17. Nc3 Re8 18. Bg2 bxa6 19. Kg1 Qf6 20. Be3 Rxb2 21.
Bd4 Qf5 22. Ne4 Bxd4 23. Rxd4 Rxe4 0-1

[Event "Women's Speed Chess Q8"]
[Site "chess.com INT"]
[Date "2021.06.06"]
[Round "12"]
[White "Komiagina, Maria"]
[Black "Zaksaite, Salomeja"]
[Result "1-0"]
[WhiteTitle "WIM"]
[BlackTitle "WIM"]
[WhiteElo "2241"]
[BlackElo "2202"]
[WhiteFideId "4153987"]
[BlackFideId "12801496"]
[EventDate "2021.06.06"]

1. e4 c5 2. Nf3 e6 3. d4 cxd4 4. Nxd4 Nf6 5. Nc3 Nc6 6. Nxc6 bxc6 7. Bd3 d5 8.
O-O Bd6 9. Qe2 Qc7 10. f4 O-O 11. e5 Bc5+ 12. Kh1 Ne8 13. Na4 Bb6 14. b3 c5 15.
c4 Bd7 16. Nc3 g6 17. cxd5 exd5 18. Nxd5 Qd8 19. Bc4 Bc6 20. Rd1 Qh4 21. Be3 Ng7
22. Bf2 Qh5 23. Nf6+ 1-0

[Event "Women's Speed Chess Q8"]
[Site "chess.com INT"]
[Date "2021.06.06"]
[Round "12"]
[White "Szente Varga, Fruzsina"]
[Black "Pavlidou, Ekaterini"]
[Result "1-0"]
[WhiteTitle "WFM"]
[BlackTitle "WIM"]
[WhiteElo "2100"]
[BlackElo "2157"]
[WhiteFideId "712264"]
[BlackFideId "4213262"]
[EventDate "2021.06.06"]

1. e4 c5 2. Nf3 e6 3. b3 Nc6 4. Bb2 d5 5. exd5 exd5 6. Bb5 Bd7 7. Qe2+ Qe7 8.
Qxe7+ Ngxe7 9. O-O f6 10. Re1 a6 11. Bf1 Kf7 12. d4 Nb4 13. Na3 b6 14. c4 dxc4
15. Bxc4+ Kg6 16. dxc5 bxc5 17. Rad1 Bb5 18. Nh4+ Kh6 19. Bc1+ Kh5 20. Bf7+ Kxh4
21. Re4# 1-0

[Event "Women's Speed Chess Q8"]
[Site "chess.com INT"]
[Date "2021.06.06"]
[Round "12"]
[White "Arpita, Mukherjee"]
[Black "Doluhanova, Evgeniya"]
[Result "1-0"]
[WhiteTitle "WIM"]
[BlackTitle "WGM"]
[WhiteElo "2206"]
[BlackElo "2192"]
[WhiteFideId "5056403"]
[BlackFideId "14112035"]
[EventDate "2021.06.06"]

1. e4 c5 2. Nf3 d6 3. Bb5+ Nd7 4. d4 cxd4 5. Qxd4 a6 6. Bxd7+ Bxd7 7. c4 h6 8.
Nc3 Nf6 9. O-O b5 10. cxb5 axb5 11. e5 dxe5 12. Nxe5 e6 13. Rd1 b4 14. Ne4 Nxe4
15. Qxe4 Ra7 16. Be3 f5 17. Qf3 Qf6 18. Bd4 Bd6 19. Nxd7 Bxh2+ 20. Kf1 1-0

[Event "Women's Speed Chess Q8"]
[Site "chess.com INT"]
[Date "2021.06.06"]
[Round "12"]
[White "Kulkarni, Bhakti"]
[Black "Cyfka, Karina"]
[Result "1/2-1/2"]
[WhiteTitle "IM"]
[BlackTitle "IM"]
[WhiteElo "2391"]
[BlackElo "2417"]
[WhiteFideId "5019516"]
[BlackFideId "1122681"]
[EventDate "2021.06.06"]

1. d4 Nf6 2. c4 e6 3. Nf3 Bb4+ 4. Bd2 Qe7 5. g3 Nc6 6. a3 Bxd2+ 7. Nbxd2 d5 8.
Bg2 O-O 9. O-O Rd8 10. e3 e5 11. cxd5 Nxd5 12. dxe5 Bg4 13. Qb3 Nb6 14. h3 Bh5
15. Qc3 Nd5 16. Qb3 Nb6 17. Qc3 Nd5 18. Qb3 Nb6 1/2-1/2

[Event "Women's Speed Chess Q8"]
[Site "chess.com INT"]
[Date "2021.06.06"]
[Round "12"]
[White "Tokhirjonova, Gulrukhbegim"]
[Black "Vo, Thi Kim Phung"]
[Result "1-0"]
[WhiteTitle "WGM"]
[BlackTitle "WGM"]
[WhiteElo "2344"]
[BlackElo "2335"]
[WhiteFideId "14203626"]
[BlackFideId "12401838"]
[EventDate "2021.06.06"]

1. e4 e6 2. d4 d5 3. e5 c5 4. c3 Nc6 5. Nf3 Bd7 6. Be2 Nge7 7. Na3 Ng6 8. Nc2
Qb6 9. h4 f6 10. h5 Nge7 11. dxc5 Qxc5 12. Be3 Qa5 13. exf6 gxf6 14. Nfd4 e5 15.
Nb5 Be6 16. Nd6+ Kd7 17. Nxb7 Qc7 18. Nc5+ Kd6 19. Na3 Qb8 20. Nc4+ Kc7 21. Na6+
Kd7 22. Nxb8+ Rxb8 23. b4 Kc7 24. Na3 Nf5 25. Bc5 Bxc5 26. bxc5 Rhg8 27. O-O Nh4
28. g3 Nf5 29. Rb1 Rbd8 30. Qa4 Nxg3 31. fxg3 Rxg3+ 32. Kf2 Rdg8 33. Nb5+ Kd7
34. Nxa7 Ke7 35. Nxc6+ Kf7 36. Rb7+ 1-0

[Event "Women's Speed Chess Q8"]
[Site "chess.com INT"]
[Date "2021.06.06"]
[Round "12"]
[White "Arabidze, Meri"]
[Black "Buksa, Nataliya"]
[Result "1-0"]
[WhiteTitle "IM"]
[BlackTitle "IM"]
[WhiteElo "2432"]
[BlackElo "2413"]
[WhiteFideId "13604040"]
[BlackFideId "14123622"]
[EventDate "2021.06.06"]

1. d4 d5 2. Nf3 Nf6 3. c4 e6 4. Nc3 Be7 5. e3 O-O 6. Bd3 b6 7. O-O Bb7 8. b3
Nbd7 9. Bb2 Ne4 10. Qc2 f5 11. Ne2 Rf6 12. Ne5 Nxe5 13. dxe5 Rh6 14. cxd5 Bxd5
15. Nf4 Bc5 16. Rad1 Qh4 17. h3 g5 18. Nxd5 exd5 19. Bxe4 dxe4 20. Qc4+ Kf8 21.
e6 Be7 22. Qd5 Re8 23. Qxf5+ Kg8 24. Qf7# 1-0